000 00609nam a2200217Ia 4500
005 20240404115417.0
008 131103s9999 xx 000 0 und d
020 _a9.79E+12
_cRs.295.00
040 _aLoreto College
041 _aEnglish
082 _a005.43
_bBAC
100 _aBach, Maurice J.
245 4 _aThe design of the UNIX operating system
_cMaurice J.Bach
260 _aNew Delhi
_bPHI Learning
_c2008
300 _axiv,471p
504 _aIncludes bibliographical references and index
650 _aOperating systems
651 _aUNIX operating system
850 _aLCLIB
942 _cBK
999 _c36148
_d86627